|
|
|
|
| LEADER |
00000nam a2200000 a 4500 |
| 001 |
vtls001359605 |
| 003 |
SK-MaSNL |
| 005 |
20260302033938.0 |
| 008 |
180810s1908 xo 0 hun |
| 015 |
|
|
|a SNBA1908
|
| 040 |
|
|
|a SNK
|b slo
|c SNK
|e AACR2
|
| 041 |
0 |
|
|a hun
|
| 044 |
|
|
|a xo
|c SK
|
| 072 |
|
7 |
|a 36
|x Zaistenie duševných a materiálnych potrieb
|2 konspekt
|
| 080 |
|
|
|a 36
|2 2011
|
| 100 |
1 |
|
|a Schulpe, Juraj,
|d 1867-1936
|4 aut
|4 pbl
|
| 245 |
1 |
0 |
|a Munkásügyi Reformok
|b Állami, Törvényhatósági És Társadalmi Szociálizmus ; Gyermekvédelem - Szociálpedagógia - A Heti Bérfizetés Napja - Vasárnapi Munkaszünet - Munkaközvetítés Munkáskamarák - Szociális Felügyelők - Népiroda Munkásbiztositás - Sztrájkügy - Szociális Utmutató Zároszó Stb.
|n II. Kötet
|c Törökkanizsai Schulpe György ; A Szerző Sajátja
|
| 260 |
|
|
|a Pozsony
|b Steiner Zsigmond Könyvkereskedő Bizománya
|c 1908
|e Pozsony
|f Angermayer Károly könyvnyomdája
|
| 300 |
|
|
|a [2], 183, [1] s.
|c 28 cm
|
| 500 |
|
|
|a Obálka s ozdobnými linkami. Ozdobné linky. Ozdobné iniciály
|
| 504 |
|
|
|a Živé záhlavie. Poznámky pod textom. Erráta
|
| 550 |
|
|
|a Tlačiar uvedený na zadnej strane obálky
|
| 650 |
0 |
7 |
|a sociálna politika
|2 SNKPH
|9 2333
|
| 650 |
0 |
7 |
|a reformy
|2 SNKPH
|9 3877
|
| 710 |
0 |
|
|a Steiner, Žigmund (Bratislava, Slovensko)
|4 pbl
|9 382647
|
| 710 |
0 |
|
|a Angermayer, Karol a Ľudovít (firma)
|4 prt
|9 145621
|
| 752 |
|
|
|a Slovensko
|d Bratislava
|
| 852 |
|
|
|a SNK
|p SB 4146/2
|
| 999 |
|
|
|c 1064098
|d 1066028
|
| 952 |
|
|
|a SNK
|b SNK
|y PREZ
|7 0
|p 17A0746624
|o snkSB 4146/2
|i snkD 2054/71
|8 1
|0 0
|1 0
|4 0
|d 2012-04-26
|l 0
|r 2025-02-19 00:00:00
|w 2026-02-24
|
| 952 |
|
|
|t P60, <04>, [BOOK], {604}
|a SNK
|b SNK
|y VYP
|7 0
|p 17A0188593
|o snkSB 4146/2 D1
|i snkD 2055/71
|8 1
|0 0
|1 0
|4 0
|d 1999-04-08
|l 0
|r 2005-01-02 00:00:00
|w 2026-02-24
|